• 首页
  • 本馆介绍
  • 公告通知
  • 最新文献
  • 馆藏检索
  • 电子资源
  • 读者导购
  • 参考咨询
  • 我的图书馆
  • 登录
  • 详细信息显示
  • 放入我的书架
  • 预约/预借图书
  • 作者相关作品
  • 分类相关作品
  • 丛书相关作品
  • 出版社相关作品

书目信息

  • 表格格式
  • 工作单格式
  • 卡片格式
题名:
私募股权基金运作法律实务
    
 
作者: 刘龙飞 著
分册:  
出版信息: 北京   中国法制出版社  2012
页数: 485页
开本: 25cm
丛书名:
单 册:
中图分类: D922.291.914 , D922.287.4
科图分类:
主题词: 股份有限公司--融资--法律--基本知识--中国 , 证券投资基金法--基本知识--中国 , 股份有限公司 , 融资 , 法律 , 证券投资基金法
电子资源:
ISBN: 978-7-5093-3905-3
000 01308nam0 2200337 450
001 523
005 20140908081710.59
010    @a978-7-5093-3905-3@dCNY76.00
100    @a20121030d2012 em y0chiy50 ea
101 0  @achi
102    @aCN@b110000
105    @ay z 000yy
106    @ar
200 1  @a私募股权基金运作法律实务@ASi Mu Gu Quan Ji Jin Yun Zuo Fa Lu^ Shi Wu@f刘龙飞著@FLiu Long Fei Zhu
210    @a北京@c中国法制出版社@d2012
215    @a485页@d25cm
300    @a资本的时代系列
312    @a封面英文题名:The legal practice of private equity funds
330    @a本书以专业律师独特的视角,解析私募股权基金实务运作全流程。针对私募股权基金设立环节遇到的诸多问题作逐一讲解,对私募股权基金的资金募集、项目投资、投后管理以及投资退出等实务运作的核心环节深度剖析。本书重点阐释了私募股权基金运作的具体操作思路和流程,提供了专业的法律参考文本和操作建议。
510 1  @aLegal practice of private equity funds@zeng
606 0  @a股份有限公司@x融资@x法律@x基本知识@y中国
606 0  @a证券投资基金法@x基本知识@y中国
606 0  @a股份有限公司
606 0  @a融资
606 0  @a法律
606 0  @a证券投资基金法
690    @aD922.291.914@v5
690    @aD922.287.4@v5
701  0 @a刘龙飞@ALiu Long Fei@4著
801  0 @aCN@bTANGWEI@c20140603
905    @b0839914-16@dD922.291.914@e1122@f3
    
    私募股权基金运作法律实务/刘龙飞著.-北京:中国法制出版社,2012
    485页;25cm
    资本的时代系列
    
    ISBN 978-7-5093-3905-3:CNY76.00
    本书以专业律师独特的视角,解析私募股权基金实务运作全流程。针对私募股权基金设立环节遇到的诸多问题作逐一讲解,对私募股权基金的资金募集、项目投资、投后管理以及投资退出等实务运作的核心环节深度剖析。本书重点阐释了私募股权基金运作的具体操作思路和流程,提供了专业的法律参考文本和操作建议。
●
相关链接 在E读中查询图书 在五车中查询图书 在当当中查询图书 在豆瓣中查询图书


正题名:私募股权基金运作法律实务     索取号:D922.291.914/1122         预约/预借

序号 登录号 条形码 馆藏地/架位号 状态 备注
1 0839914   208399142   第一样本阅览室/ [索取号:D922.291.914/1122] 在馆    
2 0839915   208399151   第一借阅区/ [索取号:D922.291.914/1122] 在馆    
3 0839916   208399160   密集书库-史法系/ [索取号:D922.291.914/1122] 在馆    
唐山师范学院图书馆 欢迎您!
大连网信软件有限公司© 版权所有